000 00973nam a2200313 i 4500
001 16060
003 ES-MaACL
005 20260610142457.0
007 t|
008 000620s1996 sp ||||0| spa j ..|
015 _a1989-MAR-6312
016 7 _zSAB9000044225
020 _a84-7774-004-6
040 _aM-BN-DP
_bspa
_cM-BN-DP
080 _a7 Leonardo da Vinci
080 _a929 Leonardo da Vinci
100 1 _aValéry, Paul,
_d1871-1945
_9243197
245 1 0 _aEscritos sobre Leonardo da Vinci /
_cPaul Valéry ; [traducción de Encarna Castejón y Rafael Conte].
250 _a2ª ed.
260 _aMadrid :
_bVisor,
_c1996.
300 _a141 p. ;
_c22 cm.
490 1 _aLa balsa de la medusa ;
_v4
600 1 4 _aLeonardo da Vinci,
_d1452-1519
_971671
700 1 _aCastejón, Encarna.
_936460
700 1 _aConte, Rafael.
_940270
830 0 3 _aLa balsa de la Medusa
_v4
_9178610
852 _aES-MaACL
_jL-23317
_bR.128466
999 _c16060
_d16060